| 000 | 01147nac a22002651u 4500 | ||
|---|---|---|---|
| 010 | _a 2005058038 | ||
| 020 | _a0071467335 : | ||
| 035 | _a(OCoLC)ocm62408873 | ||
| 082 | 0 | 0 |
_a658.202 _bBOR |
| 090 |
_c8328 _d8328 |
||
| 100 | _aBorris, Steven. | ||
| 245 | 1 | 0 |
_aTotal productive maintenance / _cSteven Borris. |
| 260 |
_aNew York : _bMcGraw-Hill,2006 _cc2006. |
||
| 300 |
_axxiv, 386 p. : _bill. ; _c24 cm. |
||
| 500 | _aDistributer: Al-Ahram | ||
| 500 | _aIncludes index. | ||
| 511 | _aCatalogued by: Sara | ||
| 650 | 0 | _aTotal productive maintenance. | |
| 650 | 0 |
_aIndustrial equipment _xMaintenance and repair _xManagement. |
|
| 856 | 4 | 2 |
_3Contributor biographical information _uhttp://www.loc.gov/catdir/enhancements/fy0664/2005058038-b.html |
| 856 | 4 | 2 |
_3Publisher description _uhttp://www.loc.gov/catdir/enhancements/fy0664/2005058038-d.html |
| 856 | 4 | 2 |
_3Table of contents only _uhttp://www.loc.gov/catdir/enhancements/fy0664/2005058038-t.html |
| 942 |
_cBB _k658.202BOR |
||
| 999 |
_c8328 _d8328 |
||